Click the Correct Capital by Country #1 - Statistics

General Stats
  • This quiz has been taken 621 times
  • The average score is 18 of 20
Answer Stats
Hint Answer % Correct
United Kingdom London
100%
China Beijing
99%
Mexico Mexico City
99%
Egypt Cairo
97%
Poland Warsaw
97%
Ukraine Kiev
96%
Sweden Stockholm
95%
Switzerland Bern
93%
Taiwan Taipei
93%
Cuba Havana
92%
Malaysia Kuala Lumpur
92%
Iran Tehran
92%
Albania Tirana
84%
Ethiopia Addis Ababa
81%
Trinidad and Tobago Port of Spain
81%
Costa Rica San Jose
81%
Georgia Tbilisi
80%
Rwanda Kigali
74%
East Timor Dili
73%
Suriname Paramaribo
72%
No matching quizzes found
Score Distribution
Percent of People with Each Score
Percentile by Number Answered
Your Score History
You have not taken this quiz